Technology for teachers.
Saved in:
| Corporate Author: | |
|---|---|
| Format: | Book |
| Language: | English |
| Published: |
Milton Keynes, Bucks. :
Open University Press,
1975.
|
| Series: | Educational studies/technology post-experience and second level course.
Open University course ; PET 271. |
| Subjects: |
| LEADER | 01056nam a2200253 i 4500 | ||
|---|---|---|---|
| 001 | c000066444 | ||
| 003 | CARM | ||
| 005 | 00000000000000.0 | ||
| 008 | 790618s1975 00000 eng d | ||
| 019 | 1 | |a 2528378 |5 LACONCORD2021 | |
| 035 | |a (OCoLC)220092211 |5 LACONCORD2021 | ||
| 110 | 2 | 0 | |a Open University. |b Educational Studies/Technology: Post-experience and Second Level Course Team. |
| 245 | 1 | 0 | |a Technology for teachers. |
| 260 | |a Milton Keynes, Bucks. : |b Open University Press, |c 1975. | ||
| 300 | |a 11 v. | ||
| 490 | 1 | |a Educational studies/technology post-experience and second level course | |
| 490 | 1 | |a PET 271 | |
| 650 | 0 | |a Technology |x Study and teaching. | |
| 830 | 0 | |a Educational studies/technology post-experience and second level course. | |
| 830 | 0 | |a Open University course ; |v PET 271. | |
| 852 | 8 | |b CARM |h A2:AB16D0 |i D01218 |p 0036487 |f BK | |
| 082 | 0 | 4 | |a 620 |
| 999 | f | f | |i bf72b35d-c07f-5bd3-831d-757210c66bc3 |s 8bb9049a-d018-5e12-839b-79b317c6b1f7 |
| 952 | f | f | |p Can circulate |a CAVAL |b CAVAL |c CAVAL |d CARM 1 Store |e D01218 |f A2:AB16D0 |h Other scheme |i book |m 0036487 |